00826nac a22002171u 4500010001600000082001700016090001500033100003700048245010700085260003600192300002700228500009700255500001400352500004100366504002000407650001400427650001200441942001900453999001500472952012100487 a 7888941000a696.2bB6455 c3487d3487 aBorodin, Ivan Vasilʹe 10aPipeline and plumbing installationc[by] I. V. Borodin. Translated from the Russian by D. A. Schwartz. aMoscow,bMir Publishers,c1970. a437 p.billus.c21 cm. aRevised English translation of 1968 Russian ed. published under title Montazh truboprovodov. aDonaions. aDonations - Bibliotheca Alexandrina. aIncludes Index. 0aPlumbing. 0aPiping. cBBk696.2B6455 c3487d3487 00102ddc4070aMAINbMAINc1STd2007-04-19ePurchasel1o696.2 BORp000030474r2025-07-15 00:00:00s2016-11-13yBB